LEADER 00826nam0-22002771i-450- 001 990001655050403321 005 20050429105552.0 035 $a000165505 035 $aFED01000165505 035 $a(Aleph)000165505FED01 035 $a000165505 100 $a20030910d1893----km-y0itay50------ba 101 0 $aita 200 1 $aRapporto della revisione di perizia nella causa tra Samuele-Tedeschi$fCatello Cerchia 210 $aNapoli$cs.e.$d1893 215 $a650 p.$d26 cm 610 0 $aContabilità agraria 676 $a657.863 700 1$aCerchia,$bCatello$0353860 801 0$aIT$bUNINA$gRICA$2UNIMARC 901 $aBK 912 $a990001655050403321 952 $a60 631.16 B 3$b18083$fFAGBC 959 $aFAGBC 996 $aRapporto della revisione di perizia nella causa tra Samuele-Tedeschi$9373012 997 $aUNINA LEADER 04501nam 2200589 450 001 9910822184803321 005 20230808205259.0 010 $a1-5231-1505-X 010 $a1-119-29440-1 010 $a1-119-29439-8 010 $a1-119-29444-4 035 $a(CKB)4330000000010027 035 $a(EBL)4593244 035 $a(MiAaPQ)EBC4593244 035 $a(Au-PeEL)EBL4593244 035 $a(CaPaEBR)ebr11236712 035 $a(CaONFJC)MIL952247 035 $a(OCoLC)953734917 035 $a(EXLCZ)994330000000010027 100 $a20160812h20162016 uy 0 101 0 $aeng 135 $aur|n|---||||| 181 $2rdacontent 182 $2rdamedia 183 $2rdacarrier 200 10$aTroubleshooting rotating machinery $eincluding centrifugal pumps and compressors, reciprocating pumps and compressors, fans, steam turbines, electric motors, and more /$fRobert X. Perez and Andrew P. Conkey 210 1$aSalem, Massachusetts ;$aHoboken, New Jersey :$cScrivener Publishing :$cWiley,$d2016. 210 4$d©2016 215 $a1 online resource (224 p.) 300 $aIncludes index. 311 $a1-119-29413-4 327 $aHalf Title page; Title page; Copyright page; Dedication; Preface; Acknowledgements; Chapter 1: Troubleshooting for Fun and Profit; 1.1 Why Troubleshoot?; 1.2 Traits of a Successful Troubleshooter; Chapter 2: An Insight in Design: Machines and Their Components Serve a Function; 2.1 An Overview of the Design Process; 2.2 Complex Machine Element Environments; Chapter 3: Machinery Design Issues and Failure Modes; 3.1 Common Failure Modes; Chapter 4: Machinery in Process Services - The Big Picture; Chapter 5: Causes Versus Symptoms; 5.1 Causal Chains; 5.2 Summary 327 $aChapter 6: Approach Field Troubleshooting Like a Reputable News ReporterChapter 7: The "What" Questions; 7.1 What is the Problem or What Are the Symptoms?; 7.2 What is Your Assessment of the Problem?; 7.3 What is at Stake?; 7.4 What Risk is at Hand?; 7.5 What Additional Information is Required?; Chapter 8: Who Knows the Most About the Problem?; Chapter 9: When Do the Symptoms Show Up?; 9.1 "When" Questions to Ask; 9.2 Ways to Display Time Related Data; 9.3 Timelines; 9.4 Trend Plots; 9.5 Constant Amplitude Trends; 9.6 Step Changes; 9.7 Gradual Versus Rapidly Changing Trends; 9.8 Correlations 327 $a9.9 Speed-Related Issues9.10 Erratic Amplitude; Chapter 10: Where Do the Symptoms Show Up?; 10.1 Locating a Machine-Train Problem; 10.2 Troubleshooting Problems Involving Multiple Machine-Trains; 10.3 Multiple Versus Single Machine Train Examples; 10.4 Analyzing Noises, Pings, and Knocks; 10.5 Seeing the Light at the End of the Tunnel; Chapter 11: Why is the Problem Occurring?; 11.1 Fitting the Pieces Together; 11.2 Reciprocating Compressor Example; 11.3 Troubleshooting Matrices; 11.4 Assessing Machine with Multiple Symptoms; Chapter 12: Analyze, Test, Act, and Confirm (Repeat as Needed) 327 $a12.1 The Iterative Path to the Final SolutionChapter 13: Real-World Examples; 13.1 Case Study #1; 13.2 Case Study #2; 13.3 Case Study #3; 13.4 Case Study #4; 13.5 Case Study #5; Chapter 14: The "Hourglass" Approach to Troubleshooting; 14.1 Thinking and Acting Globally; Chapter 15: Vibration Analysis; 15.1 Vibration Analysis Primer; 15.2 Identifying Machine Vibration Characteristics; Chapter 16: Applying the 5Qs to Rotordynamic Investigations; 16.1 Introduction; 16.2 Using Rotordynamic Results for Troubleshooting; 16.3 Closing; Chapter 17: Managing Critical Machinery Vibration Data 327 $a17.1 Vibration Analysis StrategiesChapter 18: Closing Remarks; 18.1 Practice the Method; 18.2 Provide Training on Fault Trees and Cause Mapping; 18.3 Employ Team Approach for Complex Problems; 18.4 Get Management's Support; Appendix A: The Field Troubleshooting Process-Step by Step; Appendix B: Troubleshooting Matrices and Tables; Index 606 $aMachinery$xMaintenance and repair 606 $aRotors$xMaintenance and repair 606 $aTurbomachines$xMaintenance and repair 615 0$aMachinery$xMaintenance and repair. 615 0$aRotors$xMaintenance and repair. 615 0$aTurbomachines$xMaintenance and repair. 676 $a621.8/16 700 $aPerez$b Robert X.$0896629 702 $aConkey$b Andrew P. 801 0$bMiAaPQ 801 1$bMiAaPQ 801 2$bMiAaPQ 906 $aBOOK 912 $a9910822184803321 996 $aTroubleshooting rotating machinery$94057023 997 $aUNINA LEADER 02055nam0 22004453i 450 001 VAN0226161 005 20230605095041.334 017 70$2N$a9783030397777 100 $a20211013d2020 |0itac50 ba 101 $aeng 102 $aCH 105 $a|||| ||||| 200 1 $aChoosing and Using a New CAT$eGetting the Most from Your Schmidt Cassegrain or Any Catadioptric Telescope$fRod Mollise 205 $a2. ed 210 $aCham$cSpringer$d2020 215 $ax, 345 p.$cill.$d24 cm 410 1$1001VAN0132688$12001 $aˆThe ‰Patrick Moore Practical Astronomy Series$1210 $aNew York [etc.]$cSpringer 500 1$3VAN0226163$aChoosing and Using a New CAT : Getting the Most from Your Schmidt Cassegrain or Any Catadioptric Telescope$91879296 606 $a85-XX$xAstronomy and Astrophysics [MSC 2020]$3VANC023246$2MF 606 $a00-XX$xGeneral and overarching topics; collections [MSC 2020]$3VANC025238$2MF 610 $aAstronomy cameras$9KW:K 610 $aAstronomy software$9KW:K 610 $aCATs telescope guide$9KW:K 610 $aCatadioptric telescopes$9KW:K 610 $aChoosing a telescope$9KW:K 610 $aComputerized telescopes$9KW:K 610 $aMaksutovs$9KW:K 610 $aSCTs$9KW:K 610 $aSchmidt Cassegrain telescopes$9KW:K 620 $aCH$dCham$3VANL001889 700 1$aMollise$bRod$3VANV190026$0841966 712 $aSpringer $3VANV108073$4650 801 $aIT$bSOL$c20240614$gRICA 856 4 $uhttp://doi.org/10.1007/978-3-030-39777-7$zE-book ? Accesso al full-text attraverso riconoscimento IP di Ateneo, proxy e/o Shibboleth 899 $aBIBLIOTECA DEL DIPARTIMENTO DI MATEMATICA E FISICA$1IT-CE0120$2VAN08 912 $fN 912 $aVAN0226161 950 $aBIBLIOTECA DEL DIPARTIMENTO DI MATEMATICA E FISICA$d08CONS e-book 4181 $e08eMF4181 20211013 996 $aChoosing and Using a New CAT : Getting the Most from Your Schmidt Cassegrain or Any Catadioptric Telescope$91879296 997 $aUNICAMPANIA LEADER 04344nam 22006253a 450 001 9910310641003321 005 20250204000023.0 010 $a9789899838888 010 $a9899838888 035 $a(CKB)4100000007656928 035 $a(OAPEN)1004185 035 $a(oapen)https://directory.doabooks.org/handle/20.500.12854/30327 035 $a(ScCtBLL)7d8c712a-6f7a-4cba-a51f-465cb3b5677f 035 $a(OCoLC)1100514530 035 $a(EXLCZ)994100000007656928 100 $a20250204i20182020 uu 101 0 $apor 135 $auuuuu---auuuu 181 $ctxt$2rdacontent 182 $cc$2rdamedia 183 $acr$2rdacarrier 200 00$a"A Banca do Serviço do Povo"$fRicardo Noronha 210 1$a[s.l.] :$cImprensa de História Contemporânea,$d2018. 215 $a1 online resource (357) 311 08$a9789898956033 311 08$a9898956038 330 $aThis book deals with the nationalization of the bank sector in the context of the Portuguese revolutionary process of 1974-75. Based on a vast collection of documentary sources and inspired by a set of theoretical tools developed by Mario Tronti, Walter Benjamin and Michel Foucault, it starts with an inescapable interrogation: how could a measure that was not included in the Armed Forces Movement Program and had such considerable implications, both in the short and in the long term, obtained enough support to be included in the Constitution as an irreversible conquest of the working class? The response developed in the following pages establishes an articulation between social conflicts and political economy, identifying it as the centre of gravity of the process that would lead to the nationalization of the bank sector. In this sense, it analyzes the way in which social struggles contributed to a process of cumulative radicalization, initiated at the end of the Estado Novo and which would gain increasing intensity throughout the revolutionary process. At the same time, it seeks to understand why the diagnosis of the economic situation contributed to polarize the political struggle, by mapping the lines of force of a debate that underwent successive declinations and covered different aspects, such as inflation, labour laws or property relations. In a context of economic and revolutionary crisis, the banking sector became a critical point in the capital-labour relation: credit concession would take on decisive importance after 25 April, with labour-unions accusing bankers of pursuing destabilization strategies associated with the practice of "economic sabotage"; in the wake of its nationalization, in turn, government officials, managers and trade-unionists sought to put "the banks at the service of the people", in the context of a brief experience of "socialist transition" that would make its way into the text of the Constitution. The case of the bank sector is therefore a privileged interpretative-key to identify the set of problems and the horizon of possibilities that dominated the historical conjuncture following the 25th of April. This book is a contribution to the maturation of the historiographical field dedicated to the interpretation of the revolutionary process of 1975-75, establishing a critical dialogue with the works that have been produced on the subject over the last years. 606 $aPortugal$2bicssc 606 $aEuropean history$2bicssc 606 $a20th century history: c 1900 to c 2000$2bicssc 606 $aRevolutions, uprisings, rebellions$2bicssc 606 $aPublic ownership / nationalization$2bicssc 607 $aPortugal$xEconomic policy 610 $aNationalizations 610 $aBanks 610 $aPortuguese Revolution 610 $aSocial Conflicts 610 $aPolitical Economy 610 $aNacionalizações 610 $aBancos 610 $aRevolução Portuguesa 610 $aConflitos Sociais 610 $aEconomia Política 615 7$aPortugal 615 7$aEuropean history 615 7$a20th century history: c 1900 to c 2000 615 7$aRevolutions, uprisings, rebellions 615 7$aPublic ownership / nationalization 700 $aNoronha$b Ricardo$0904770 801 0$bScCtBLL 801 1$bScCtBLL 906 $aBOOK 912 $a9910310641003321 996 $aA Banca do Serviço do Povo$92023415 997 $aUNINA